| 000 | 00832nam a22002297a 4500 | ||
|---|---|---|---|
| 001 | 1604 | ||
| 005 | 20241022085840.0 | ||
| 020 | _a780009007223 | ||
| 040 |
_aFISKH _beng _erda _cFISKH |
||
| 050 | _aPZ7.S88731997 | ||
| 082 | _aFic | ||
| 100 |
_aMilne, A. A. _d1882-1956. _qAlan Alexander Milne |
||
| 245 | 0 | 0 | _aWinnie the Pooh Storybook Treasury. |
| 260 |
_aGlendale : _bMouseWorks, _c1997 |
||
| 300 |
_a190 pages: _c32 x 24 cm |
||
| 505 | _aO | ||
| 520 | _a"It's Positively Pooh-ish. Four original stories featuring Pooh and his friends in the Hundred-Acre Wood are yours in this incredible story collection! There's nothing more satisfying than a smackerel of Pooh!" -back cover. | ||
| 521 |
_a830
_bLexile estimate |
||
| 521 |
_aO
_bRaz-Plus |
||
| 906 |
_a0 _bibc _corignew _d2 _eepcn _f20 _gy-gencatlg |
||
| 942 |
_2ddc _cBK _n0 |
||
| 999 |
_c1604 _d1604 |
||